| 000 | 00323nam a2200121Ia 4500 | ||
|---|---|---|---|
| 005 | 20251222153622.0 | ||
| 008 | 251222s9999||||xx |||||||||||||| ||spa|| | ||
| 020 | _a9781616690380 | ||
| 082 | _a616.025/A53/Ej.2 | ||
| 245 | 0 | _aLibro del Estudiante de SVB/BLS para Profesionales de la Salud | |
| 250 | _a1ra.ed. | ||
| 942 | _cLIB | ||
| 999 |
_c32014 _d32014 |
||